Hodnotenie štrukturálnej politiky v zahraničí

Rozdiely v prosperite medzi členskými štátmi EÚ a rozdiely medzi regiónmi. Úsilie o zmenšovanie sociálno-ekonomických rozdielov pomocou regionálnej politiky a prostredníctvom štrukturálnych fondov. Štrukturálne fondy už prispeli k podstatnému zníženiu rozdielov medzi regiónmi. Proces vyrovnávania ži...

Descripción completa

Guardado en:
Detalles Bibliográficos
Autor principal: Kucseráková, Katarína
Formato: Capítulo de libro
Lenguaje:eslovaco
Materias:
Etiquetas: Agregar Etiqueta
Sin Etiquetas, Sea el primero en etiquetar este registro!

MARC

LEADER 00000naa$a2200000$$$4500
001 0027888
005 20231018090833.3
041 0 |a slo 
044 |a SK 
245 1 0 |a Hodnotenie štrukturálnej politiky v zahraničí  |c Katarína Kucseráková 
520 |a Rozdiely v prosperite medzi členskými štátmi EÚ a rozdiely medzi regiónmi. Úsilie o zmenšovanie sociálno-ekonomických rozdielov pomocou regionálnej politiky a prostredníctvom štrukturálnych fondov. Štrukturálne fondy už prispeli k podstatnému zníženiu rozdielov medzi regiónmi. Proces vyrovnávania životnej úrovne bol vo veľkej miere ovplyvnený procesom európskej ekonomickej integrácie a využívaním štrukturálnych fondov. V príspevku sa hodnotia zahraničné skúsenosti z Talianska, Francúzska a Rakúska, týkajúce sa výskumu a hodnotenia vplyvu štrukturálnej politiky na rozvoj vidieka. 
610 2 0 |a Európska únia 
610 2 0 |a politika štruktúrna 
610 2 0 |a fondy štruktúrne 
610 2 0 |a vidiek 
610 2 0 |a regióny 
610 2 0 |a Taliansko 
610 2 0 |a Francúzsko 
610 2 0 |a Rakúsko 
100 1 |a Kucseráková, Katarína